00450nam a2200133Ia 4500003000400000005001700004008004100021040001800062041000800080100004900088110001900137245014000156260002000296OSt20230530145631.0211028s2007 xx 000 0 und d cAIMIT LIBRARY aeng aShetty, Poornima; Varkey, Shine P.g50971404 aShine P Varkey aAcyl-[acyl-carrier-protein]--UDP-N-acetylglucosamine O-acyltransferase as therapeutic target for salmonella typhi-an insilico approach. aMangalorec2007